AK’s General Knowledge A-Z #54 - Statistics

General Stats
  • This quiz has been taken 365 times
  • The average score is 17 of 26
Answer Stats
Hint Answer % Correct
G – what money doesn’t do on trees Grow
95%
I – word that precedes cream or land Ice
94%
D – French luxury fashion house (Christian ____ SE) Dior
93%
A – the largest country by total area in Africa Algeria
91%
J – The Prestige and Wolverine star Hugh Jackman
90%
L – is “peu de” or “petit” in French (e.g. Le Petit Prince) Little
88%
Z – a green summer squash known as courgette in the UK Zucchini
81%
W – John Steinbeck’s The Grapes of _____ Wrath
77%
M – U.S. state whose largest city is Kansas City Missouri
75%
Q – to satisfy (“Cause I'm on fire; _____ my desire”) Quench
74%
Y – a person who always agrees with his superior, or a Jim Carrey movie Yes Man
73%
P – a sound from a baby bird, or what Tom did when Lady Godiva rode through Coventry Peep
71%
N – first name of tennis player Djokovic with several Grand Slam titles Novak
68%
V – La dolce ____, Federico Fellini’s 1960 comedy-drama film Vita
68%
S – the first artificial Earth satellite, or a viral vector vaccine for Covid-19 Sputnik
67%
E – type of car that was popular until about 1910, after which it was replaced by cheaper gasoline- and diesel-powered vehicles Electric car
63%
O – the Doors hit “Break On Through (To the _____ ____)” Other Side
58%
B – capital city whose centre is less than 10 km from the border of Austria Bratislava
54%
K – country you end up in if you drive northeast from Dushanbe Kyrgyzstan
54%
R – American football team Los Angeles ____, or hydraulic pistons Rams
54%
T – city hosting a 101-floor skyscraper that was the world's tallest building when it opened in 2004 Taipei
47%
F – Johann Wolfgang von Goethe's drama that was based on a real German alchemist and magician Faust
45%
H – Blur’s single “Country _____”, which briefly won the “Battle of Britpop” over Oasis’s “Roll With It” House
45%
C – one of the most frequently used words by Beavis & Butt-Head, or kølig in Danish Cool
41%
U – battle royale game PUBG: Battlegrounds was previously known as Player_______’s Battlegrounds Unknown
32%
X – wife of Socrates, who is said to have chosen her for her argumentative spirit Xanthippe
5%
No matching quizzes found
Score Distribution
Percent of People with Each Score
Percentile by Number Answered
Your Score History
You have not taken this quiz